000 00428nam a22001817a 4500
003 OSt
008 250129b |||||||| |||| 00| 0 eng d
020 _a9789391247355
082 _a541
_bPUP
100 _aPURI,BR
245 _aPrinciples of Physical Chemistry
250 _a1st Ed
260 _aJalandhar
_bVishal Publishing Co
300 _a1393
700 _aSHARMA,LR
700 _aPATHANIA,MADAN S
942 _2ddc
_cBK
999 _c13041
_d13041